[Event "Copenhagen KS"]
[Site "Copenhagen"]
[Date "1996.??.??"]
[Round "8"]
[White "Sher, Miron N"]
[Black "Kumaran, Dharshan"]
[Result "1/2-1/2"]
[WhiteElo "2475"]
[BlackElo "2495"]
[PlyCount "43"]
[EventDate "1996.07.05"]
[Source "ChessBase"]

1. Nf3 d5 2. c4 dxc4 3. Na3 a6 4. Nxc4 b5 5. Ne3 Bb7 6. g3 Nf6 7. Bg2 e6 8. O-O c5 9. b3 Be7 10. Bb2 O-O 11. Rc1 Nbd7 12. d3 Nd5 13. Nxd5 Bxd5 14. Rc2 a5 15. e4 Bb7 16. Re1 a4 17. d4 axb3 18. axb3 Rc8 19. d5 exd5 20. exd5 Bf6 21. Bxf6 Qxf6 22. Qd3 1/2-1/2

[Event "Elista ol (Men)"]
[Site "Elista"]
[Date "1998.10.01"]
[Round "3"]
[White "Damaso, Rui"]
[Black "Magem Badals, Jordi"]
[Result "1/2-1/2"]
[WhiteElo "2430"]
[BlackElo "2540"]
[PlyCount "27"]
[EventDate "1998.09.29"]
[Source "ChessBase"]
[SourceDate "1998.11.06"]

1. Nf3 d5 2. c4 dxc4 3. e3 Nf6 4. Bxc4 e6 5. b3 c5 6. Bb2 Nc6 7. O-O Be7 8. d4 cxd4 9. Nxd4 Nxd4 10. Qxd4 Qxd4 11. Bxd4 O-O 12. Nc3 Bd7 13. Rfd1 Bc6 14. Rac1 1/2-1/2

[Event "Mondariz op"]
[Site "?"]
[Date "1998.??.??"]
[Round "?"]
[White "Nikcevic Nebojsa"]
[Black "Adla Diego Gustavo"]
[Result "1-0"]
[WhiteElo "2505"]
[BlackElo "2460"]
[PlyCount "83"]
[EventDate "1998.??.??"]
[Source "www.chesslib.no"]
[SourceDate "2004.05.04"]

1. Nf3 d5 2. c4 dxc4 3. e3 Nf6 4. Bxc4 e6 5. O-O c5 6. Qe2 a6 7. Rd1 b5 8. Bb3 Bb7 9. a4 Nbd7 10. axb5 axb5 11. Rxa8 Qxa8 12. Na3 Bxf3 13. gxf3 b4 14. Nb5 Qb8 15. d4 Be7 16. e4 O-O 17. e5 Nh5 18. f4 g6 19. d5 exd5 20. Bxd5 Nb6 21. Be4 Rd8 22. Rxd8+ Qxd8 23. Be3 Qd7 24. f5 Bf8 25. e6 fxe6 26. fxg6 Nf6 27. gxh7+ Kh8 28. Qf3 Qg7+ 29. Kh1 Nc4 30. Bf4 Qg4 31. Qxg4 Nxg4 32. Kg2 Nf6 33. Bg6 Nd5 34. Bc1 Ne7 35. Bf7 Ne5 36. Bxe6 Kxh7 37. Nd6 Nd3 38. Be3 Bg7 39. b3 Kg6 40. Bc4 Ne1+ 41. Kf1 Nf3 42. Bd3+ 1-0

[Event "Budapest FS10 GM"]
[Site "Budapest"]
[Date "1994.??.??"]
[Round "4"]
[White "Horvath, Jozsef"]
[Black "Fogarasi, Tibor"]
[Result "1/2-1/2"]
[WhiteElo "2520"]
[BlackElo "2445"]
[PlyCount "47"]
[EventDate "1994.10.??"]
[Source "ChessBase"]

1. Nf3 d5 2. c4 dxc4 3. Na3 Nf6 4. Nxc4 e6 5. g3 Be7 6. Bg2 O-O 7. O-O b5 8. Nce5 Bb7 9. d4 Nbd7 10. Nxd7 Nxd7 11. Qd3 Rb8 12. Bf4 Nf6 13. Ne5 Bxg2 14. Kxg2 Rb6 15. Rfc1 Bd6 16. Qf3 Nd5 17. Bd2 f5 18. Nd3 Qf6 19. e4 fxe4 20. Qxe4 Qf5 21. Re1 Qxe4+ 22. Rxe4 Kf7 23. Rae1 Re8 24. a3 1/2-1/2

[Event "Timisoara"]
[Site "Timisoara"]
[Date "1987.??.??"]
[Round "?"]
[White "Suba, Mihai"]
[Black "Ghitescu, Theodor"]
[Result "1-0"]
[WhiteElo "2560"]
[BlackElo "2405"]
[PlyCount "83"]
[EventDate "1987.05.??"]
[Source "www.chesslib.no"]
[SourceDate "2004.05.04"]

1. Nf3 d5 2. c4 dxc4 3. Na3 Nf6 4. Nxc4 g6 5. b3 Bg7 6. Bb2 O-O 7. g3 b6 8. Bg2 Bb7 9. O-O c5 10. Rc1 Nbd7 11. Qc2 Rc8 12. Qb1 Rc7 13. a3 Ne8 14. b4 Nd6 15. Bxg7 Kxg7 16. Qb2+ Kg8 17. bxc5 Nxc5 18. Nce5 f6 19. d4 Na6 20. Nd3 Bd5 21. Nf4 Bf7 22. d5 g5 23. Ne6 Bxe6 24. dxe6 Nc5 25. Nd4 Qc8 26. Qd2 Kh8 27. Qe3 Qa6 28. Nc6 Qc8 29. Nd4 Qa6 30. Bd5 Qa4 31. f4 Rg8 32. Rc3 gxf4 33. Rxf4 Qd1+ 34. Rf1 Qa4 35. Rf4 Qd1+ 36. Kg2 Qb1 37. Bb3 Rg7 38. Bc2 Qa2 39. Qf3 Rc8 40. Rh4 Rd8 41. Qh5 f5 42. Bxf5 1-0

[Event "1st Serbian League Men"]
[Site "Zlatibor SRB"]
[Date "2007.08.28"]
[Round "7"]
[White "Strikovic, A."]
[Black "Kizov, A."]
[Result "1-0"]
[WhiteElo "2567"]
[BlackElo "2396"]
[PlyCount "125"]
[EventDate "2007.08.21"]
[Source "www.chesslib.no"]
[SourceDate "2004.05.04"]

1. Nf3 d5 2. c4 dxc4 3. Qa4+ Nd7 4. Qxc4 e6 5. g3 a6 6. Bg2 b5 7. Qc2 Bb7 8. O-O Ngf6 9. d3 c5 10. Nc3 Be7 11. a4 Qb6 12. Qb3 c4 13. dxc4 Nc5 14. Qc2 bxc4 15. Be3 O-O 16. Rfd1 Rfc8 17. Rd4 Qb3 18. Rc1 Qxc2 19. Rxc2 Nb3 20. Rd1 Bc5 21. Bxc5 Rxc5 22. Nd2 Bxg2 23. Kxg2 Nxd2 24. Rcxd2 Rcc8 25. e4 h5 26. Rd6 Rcb8 27. R1d2 Rb4 28. h3 e5 29. Kf3 a5 30. g4 hxg4+ 31. hxg4 Nh7 32. Rd8+ Rxd8 33. Rxd8+ Nf8 34. Nd5 Rb3+ 35. Kg2 g6 36. Ne3 Rb4 37. Rc8 c3 38. bxc3 Rxa4 39. c4 Kg7 40. Rc5 Nd7 41. Rb5 Ra1 42. Rd5 Nf8 43. Rxe5 Ne6 44. Rb5 a4 45. Ra5 g5 46. e5 Ra2 47. c5 Ra1 48. c6 Rc1 49. Nf5+ Kh7 50. Ra7 Rxc6 51. Rxf7+ Kh8 52. Ra7 Rc4 53. Kf3 Rf4+ 54. Kg3 Re4 55. Nd6 Rb4 56. Re7 Nf4 57. Nf7+ Kg8 58. Nxg5 Ng6 59. Re6 Kg7 60. f3 Rb3 61. Ra6 a3 62. Ra7+ Kh6 63. Rh7+ 1-0

[Event "YUG-chT 52nd"]
[Site "?"]
[Date "2000.08.28"]
[Round "5"]
[White "Nikcevic Nebojsa"]
[Black "Drasko Milan"]
[Result "1/2-1/2"]
[WhiteElo "2473"]
[BlackElo "2485"]
[PlyCount "88"]
[EventDate "2000.??.??"]
[Source "www.chesslib.no"]
[SourceDate "2004.05.04"]

1. Nf3 d5 2. c4 dxc4 3. e3 a6 4. Bxc4 e6 5. O-O c5 6. Bb3 Nc6 7. Qe2 Nf6 8. Rd1 Na5 9. Bc2 b5 10. d4 cxd4 11. Nxd4 Qc7 12. Nc3 Bb7 13. e4 Nc4 14. Bb3 Rc8 15. e5 Nd5 16. Nxd5 Bxd5 17. a4 Bc5 18. axb5 Bxd4 19. Rxd4 axb5 20. Bf4 O-O 21. Re1 Qc5 22. Rd3 Nb6 23. Be3 Qb4 24. Bxb6 Bxb3 25. Ba5 Qa4 26. Rg3 Rc2 27. Qh5 g6 28. Bc3 Qf4 29. Qf3 Qxf3 30. Rxf3 Rc8 31. h3 Bd5 32. Rf4 Rc4 33. Rxc4 Bxc4 34. Ra1 g5 35. Ra7 Kg7 36. Bd4 h5 37. b4 g4 38. hxg4 hxg4 39. Kh2 Rd2 40. Bc5 Bd5 41. Be3 Rb2 42. Bc5 Rb3 43. Ra5 Bc6 44. Ra6 Bd5 1/2-1/2

[Event "Fakel Jamala"]
[Site "Noyabrsk"]
[Date "2003.11.25"]
[Round "8"]
[White "Miroshnichenko, Evgenij"]
[Black "Farakhov, Rafail"]
[Result "1-0"]
[WhiteElo "2571"]
[BlackElo "2383"]
[PlyCount "57"]
[EventDate "2003.11.18"]
[Source "Roberto Alvarez"]
[SourceDate "2003.12.15"]

1. Nf3 d5 2. c4 dxc4 3. Na3 a6 4. Nxc4 b5 5. Ne3 Nf6 6. g3 Bb7 7. Bg2 e6 8. O-O Be7 9. a4 O-O 10. axb5 axb5 11. Rxa8 Bxa8 12. Qb3 c6 13. d4 Nbd7 14. Rd1 Qb8 15. Ng5 Nd5 16. Qd3 Bxg5 17. Nxd5 Bxc1 18. Ne7+ Kh8 19. Rxc1 Qd6 20. Nxc6 Rc8 21. Qxb5 Nb8 22. b4 Bxc6 23. Rc5 g6 24. Qc4 Kg7 25. Qc3 Bxg2 26. Rxc8 Bb7 27. Rc7 Qd5 28. e4 Qxe4 29. d5+ 1-0

[Event "ZSG Open"]
[Site "NED"]
[Date "1993.??.??"]
[Round "3"]
[White "Szekely, Peter"]
[Black "Kishnev, Sergey"]
[Result "1/2-1/2"]
[WhiteElo "2440"]
[BlackElo "2510"]
[PlyCount "23"]
[EventDate "1993.??.??"]
[Source "www.chesslib.no"]
[SourceDate "2004.05.04"]

1. Nf3 d5 2. c4 dxc4 3. e3 Be6 4. Ng5 Bd5 5. e4 Bc6 6. Bxc4 e6 7. d3 Be7 8. Nf3 Nf6 9. Nc3 a6 10. a4 Nbd7 11. O-O O-O 12. Re1 1/2-1/2

[Event "Bucharest"]
[Site "Bucharest"]
[Date "1980.??.??"]
[Round "2"]
[White "Spiridonov, Nikola"]
[Black "Groszpeter, Attila"]
[Result "1/2-1/2"]
[WhiteElo "2470"]
[BlackElo "2480"]
[PlyCount "65"]
[EventDate "1980.03.??"]
[Source "ChessBase"]

1. Nf3 d5 2. c4 dxc4 3. Qa4+ Nd7 4. g3 Ngf6 5. Bg2 e6 6. O-O Rb8 7. Qxc4 b5 8. Qc2 c5 9. d3 Bb7 10. a4 b4 11. Nbd2 Be7 12. Nc4 Nb6 13. Nfe5 Bxg2 14. Kxg2 O-O 15. e4 Rc8 16. b3 Nfd7 17. Nxd7 Qxd7 18. Bb2 Rfd8 19. Rad1 Qb7 20. f4 Bf8 21. f5 exf5 22. Rxf5 f6 23. Nxb6 axb6 24. Qc4+ Qf7 25. Qxf7+ Kxf7 26. Rff1 Ke6 27. Kf3 Bd6 28. Ke2 Be5 29. Bxe5 Kxe5 30. Rc1 Ke6 31. g4 h6 32. h4 Rd7 33. Rf3 1/2-1/2

[Event "Komercni Banka Open"]
[Site "?"]
[Date "1999.07.19"]
[Round "4"]
[White "Popov Valerij"]
[Black "Voloshin Leonid"]
[Result "1-0"]
[WhiteElo "2523"]
[BlackElo "2423"]
[PlyCount "106"]
[EventDate "1999.??.??"]
[Source "www.chesslib.no"]
[SourceDate "2004.05.04"]

1. Nf3 d5 2. c4 dxc4 3. Na3 c5 4. g3 Nf6 5. Nxc4 Nc6 6. Bg2 e6 7. O-O Be7 8. b3 O-O 9. Bb2 Qc7 10. Nce5 Bd7 11. Nxd7 Qxd7 12. e3 Rfd8 13. Qe2 Rac8 14. Rfd1 Qc7 15. Rac1 Nd7 16. d4 cxd4 17. exd4 Nf6 18. h4 Nd5 19. a3 Bf6 20. Ne5 Qb6 21. b4 Nce7 22. Rc5 Bxe5 23. Rxc8 Rxc8 24. dxe5 Qc6 25. Be4 Qc4 26. Qf3 b6 27. Kg2 a5 28. bxa5 bxa5 29. Qd3 Qxd3 30. Bxd3 g6 31. Kf1 Kg7 32. Ke1 Rb8 33. Rd2 Rc8 34. Rc2 Rxc2 35. Bxc2 Kf8 36. Bd4 Nc8 37. Be4 Ncb6 38. Bc2 Kg7 39. Kd2 Nc8 40. Kd3 Ncb6 41. Bb2 Kf8 42. Bc1 f6 43. exf6 Kf7 44. Bd2 a4 45. Kd4 Nxf6 46. Ba5 Nfd7 47. Bxb6 Nxb6 48. Ke5 Nd5 49. Bxa4 Ke7 50. Bc6 Nc3 51. a4 Kd8 52. a5 Kc7 53. a6 Kb8 1-0

[Event "San Sebastian op"]
[Site "?"]
[Date "1996.??.??"]
[Round "?"]
[White "Shchekachev Andrei"]
[Black "Roeder Mathias"]
[Result "1/2-1/2"]
[WhiteElo "2500"]
[BlackElo "2445"]
[PlyCount "40"]
[EventDate "1996.??.??"]
[Source "www.chesslib.no"]
[SourceDate "2004.05.04"]

1. Nf3 d5 2. c4 dxc4 3. Qa4+ c6 4. Qxc4 g6 5. g3 Bg7 6. Bg2 e5 7. d3 h6 8. Bd2 Be6 9. Qc1 Nd7 10. O-O Ne7 11. Nc3 a5 12. Ne4 Qc7 13. b4 Bd5 14. bxa5 f5 15. Nc3 Qxa5 16. Rb1 Qa6 17. Nxd5 cxd5 18. Qb2 Qxa2 19. Bc3 Qxb2 20. Rxb2 b6 1/2-1/2

[Event "HUN Ch"]
[Site "HUN"]
[Date "1975.??.??"]
[Round "?"]
[White "Csom, Istvan"]
[Black "Tompa, Janos"]
[Result "1-0"]
[WhiteElo "2530"]
[BlackElo "2415"]
[PlyCount "143"]
[EventDate "1975.??.??"]
[Source "www.chesslib.no"]
[SourceDate "2004.05.04"]

1. Nf3 d5 2. c4 dxc4 3. Na3 c5 4. Nxc4 Nc6 5. d3 f6 6. g3 e5 7. Bg2 Nge7 8. O-O Nf5 9. b3 Be7 10. Bb2 O-O 11. e3 Be6 12. Qe2 b5 13. Ncd2 a6 14. Rfc1 Rc8 15. Ne4 Qb6 16. h3 Nb4 17. Ne1 Rfd8 18. Ba3 a5 19. Bb2 a4 20. Nd2 axb3 21. axb3 Qd6 22. Bf1 Qb6 23. Bc3 Nc6 24. Bg2 Nd6 25. Ra2 b4 26. Bb2 Na5 27. Nc4 Ndxc4 28. bxc4 Rd6 29. Rca1 Nb3 30. Rb1 Na5 31. Rba1 Nb3 32. Ra6 Qd8 33. R1a2 Rxa6 34. Rxa6 Bd7 35. Qc2 Na5 36. Qb1 Qc7 37. Qa1 Nc6 38. Bd5+ Kh8 39. h4 h6 40. Nf3 Qb7 41. Nd2 Qc7 42. Kh2 Qd8 43. Qh1 Qe8 44. Qf3 Bf8 45. Nb3 Nb8 46. Rb6 Qd8 47. Rb7 Rc7 48. Rxc7 Qxc7 49. d4 exd4 50. exd4 Nc6 51. Nxc5 Bxc5 52. dxc5 Ne7 53. Qe3 Nf5 54. Qd2 Qxc5 55. Qf4 Kh7 56. Be4 Kg8 57. Bd5+ Kf8 58. Kg1 Qb6 59. g4 Ne7 60. g5 Nxd5 61. cxd5 hxg5 62. hxg5 Ke7 63. Qe4+ Kf8 64. Qh7 Qd6 65. Bxf6 gxf6 66. g6 Be6 67. g7+ Ke8 68. dxe6 Qd1+ 69. Kh2 Qd6+ 70. Kg2 Qd5+ 71. f3 Qg5+ 72. Kh3 1-0

[Event "Lviv"]
[Site "?"]
[Date "1995.??.??"]
[Round "?"]
[White "Petrosian, A."]
[Black "Mikhalchishin, A."]
[Result "0-1"]
[WhiteElo "2435"]
[BlackElo "2505"]
[PlyCount "94"]
[EventDate "1995.??.??"]
[Source "ChessBase"]
[SourceDate "1996.02.01"]

1. Nf3 d5 2. c4 dxc4 3. Na3 a6 4. Nxc4 b5 5. Ne3 Nf6 6. a4 c6 7. g3 Bb7 8. Bg2 Nbd7 9. d4 e6 10. O-O Bd6 11. Qb3 O-O 12. Nc4 Bc7 13. Nce5 c5 14. Bg5 cxd4 15. Nxd7 Qxd7 16. Bxf6 gxf6 17. Rfd1 Bb6 18. Nxd4 Bxd4 19. Bxb7 Bxf2+ 20. Kxf2 Qxb7 21. axb5 axb5 22. Rxa8 Rxa8 23. Qf3 Qxf3+ 24. Kxf3 Ra4 25. Rd3 Rb4 26. b3 f5 27. e3 Kg7 28. Rc3 h5 29. h4 Kg6 30. Rd3 e5 31. Rc3 f6 32. Kg2 f4 33. exf4 exf4 34. Kh3 fxg3 35. Rxg3+ Kf5 36. Rc3 Kf4 37. Rd3 f5 38. Rg3 Ke4 39. Rg5 Rxb3+ 40. Kh2 Rb2+ 41. Kh3 b4 42. Rxh5 Rb1 43. Rh8 b3 44. Rb8 b2 45. Kg2 f4 46. Rb4+ Kf5 47. Rb5+ Kg6 0-1

[Event "Camp. spagnolo ko 3rd-4th"]
[Site "Ceuta SPA"]
[Date "2008.10.04"]
[Round "4.4"]
[White "Teran Alvarez, I."]
[Black "Ibarra Jerez, JC."]
[Result "0-1"]
[WhiteElo "2442"]
[BlackElo "2496"]
[PlyCount "78"]
[EventDate "2008.09.27"]
[Source "www.chesslib.no"]
[SourceDate "2004.05.04"]

1. Nf3 d5 2. c4 dxc4 3. Na3 Nf6 4. Nxc4 c5 5. b3 g6 6. Bb2 Bg7 7. g3 b6 8. Bg2 Bb7 9. O-O O-O 10. a3 Nbd7 11. d3 Qc7 12. Qc2 Rac8 13. Rac1 Rfd8 14. Qb1 Qb8 15. Rfd1 Qa8 16. Qa1 Ne8 17. Bxg7 Nxg7 18. Ne3 Ne6 19. Ng4 f6 20. h4 Ndf8 21. Qb2 Nd4 22. Ne1 Bxg2 23. Nxg2 Qd5 24. Rc3 Qh5 25. f3 Nfe6 26. Kf2 Kg7 27. Rdc1 a5 28. b4 axb4 29. axb4 Qd5 30. Qd2 Kh8 31. h5 gxh5 32. N4e3 Qg5 33. bxc5 bxc5 34. Ra3 Rb8 35. Qa2 Rg8 36. g4 hxg4 37. fxg4 Nf4 38. Rh1 Nxg2 39. Nxg2 Qxg4 0-1

[Event "New York USA"]
[Site "?"]
[Date "1999.06.25"]
[Round "2"]
[White "Blatny Pavel"]
[Black "Waitzkin Joshua"]
[Result "1-0"]
[WhiteElo "2468"]
[BlackElo "2467"]
[PlyCount "51"]
[EventDate "1999.??.??"]
[Source "www.chesslib.no"]
[SourceDate "2004.05.04"]

1. Nf3 d5 2. c4 dxc4 3. e3 Nf6 4. Bxc4 e6 5. b3 a6 6. Bb2 c5 7. O-O Nc6 8. d4 b5 9. Be2 Bb7 10. a4 bxa4 11. Rxa4 Nb4 12. dxc5 Qxd1 13. Rxd1 Bxc5 14. Rc1 Bd6 15. Be5 Bf8 16. Bb5+ axb5 17. Rxa8+ Bxa8 18. Rc8+ Ke7 19. Rxa8 Nd7 20. Nc3 Nc6 21. Bc7 b4 22. Ne4 f6 23. Ra6 Nce5 24. Bxe5 Nxe5 25. Ra7+ Ke8 26. Nxe5 1-0

[Event "Cannes Open"]
[Site "Cannes FRA"]
[Date "1995.??.??"]
[Round "8"]
[White "Skembris, Spyridon"]
[Black "Sellos, Didier"]
[Result "1/2-1/2"]
[WhiteElo "2525"]
[BlackElo "2410"]
[PlyCount "122"]
[EventDate "1995.02.??"]
[Source "www.chesslib.no"]
[SourceDate "2004.05.04"]

1. Nf3 d5 2. c4 dxc4 3. Na3 Nf6 4. Nxc4 g6 5. b3 Bg7 6. Bb2 O-O 7. g3 c6 8. Bg2 Na6 9. O-O Bf5 10. d3 Qc8 11. Re1 Bh3 12. Bh1 h6 13. a3 Qf5 14. b4 Ng4 15. Bxg7 Kxg7 16. Qd2 Rad8 17. Qb2+ f6 18. a4 c5 19. bxc5 Qxc5 20. Ne3 Nxe3 21. Rec1 Qd6 22. fxe3 Nc5 23. Bg2 Bxg2 24. Kxg2 b6 25. e4 Qd7 26. Rc4 Nb7 27. Rac1 Rc8 28. Qd4 Nd6 29. e5 fxe5 30. Nxe5 Qb7+ 31. Rc6 Rf6 32. e4 Rxc6 33. Rxc6 Nf7 34. Rc2 Rd6 35. Qc3 Nxe5 36. Qxe5+ Kh7 37. Rf2 Rf6 38. Rxf6 exf6 39. Qxf6 Qd7 40. d4 Qxa4 41. Qf7+ Kh8 42. Qxg6 Qxd4 43. Qxh6+ Kg8 44. Qg6+ Kf8 45. h4 a5 46. h5 a4 47. h6 a3 48. h7 a2 49. Qg8+ Ke7 50. h8=Q Qxe4+ 51. Kf2 Qc2+ 52. Ke3 Qc1+ 53. Kd3 Qd1+ 54. Ke3 Qe1+ 55. Kf3 Qf1+ 56. Ke4 Qe1+ 57. Kf4 Qc1+ 58. Kf3 Qf1+ 59. Ke3 Qc1+ 60. Ke2 Qc2+ 61. Ke3 Qc1+ 1/2-1/2

[Event "Mitropa Cup 2008"]
[Site "Olbia ITA"]
[Date "2008.05.29"]
[Round "5.3"]
[White "Sebenik, Matej"]
[Black "Fodor, Tamas jr"]
[Result "0-1"]
[WhiteElo "2502"]
[BlackElo "2432"]
[PlyCount "59"]
[EventDate "2008.05.25"]
[Source "www.chesslib.no"]
[SourceDate "2004.05.04"]

1. Nf3 d5 2. c4 dxc4 3. e4 Nf6 4. Bxc4 a6 5. e5 Nd5 6. Nc3 Nb6 7. Bb3 Bf5 8. e6 fxe6 9. d4 Nc6 10. h3 Qd6 11. g4 Bg6 12. Qe2 Nd5 13. Ne4 Qb4+ 14. Bd2 Nf4 15. Bxb4 Nxe2 16. Nc5 Nexd4 17. Nxd4 Nxd4 18. O-O-O Rd8 19. Bc4 e5 20. Ne6 Rd7 21. f4 Bf7 22. Nc5 Rd8 23. Nxb7 Rb8 24. Bxa6 Bd5 25. fxe5 Bxb7 26. Bxb7 Ne2+ 27. Kc2 Rxb7 28. Ba5 e6 29. Rhf1 Bc5 30. Bc3 0-1

[Event "URS Ch U26"]
[Site "Kherson UKR"]
[Date "1991.??.??"]
[Round "?"]
[White "Komarov, Dimitri"]
[Black "Ibragimov, Ildar"]
[Result "1/2-1/2"]
[WhiteElo "2475"]
[BlackElo "2455"]
[PlyCount "63"]
[EventDate "1991.??.??"]
[Source "www.chesslib.no"]
[SourceDate "2004.05.04"]

1. Nf3 d5 2. c4 dxc4 3. e3 Nf6 4. Bxc4 e6 5. O-O c5 6. b3 a6 7. Bb2 Nc6 8. Be2 Be7 9. d4 cxd4 10. Nxd4 Bd7 11. Nd2 Rc8 12. Bf3 O-O 13. Nc4 b5 14. Nxc6 Bxc6 15. Qxd8 Bxd8 16. Bxc6 Rxc6 17. Ne5 Rc7 18. Ba3 Re8 19. Rac1 Nd5 20. Bd6 Rc3 21. e4 Bg5 22. Rcd1 Nf4 23. Nf3 Bh6 24. Nd4 g5 25. g3 Ng6 26. Bb4 Rcc8 27. Bd2 Ne5 28. Kg2 Red8 29. Ba5 Re8 30. h3 Bf8 31. Bd2 h6 32. Be3 1/2-1/2

[Event "Rio Hondo"]
[Site "Rio Hondo"]
[Date "1987.??.??"]
[Round "2"]
[White "Rubinetti, Jorge A"]
[Black "Garcia Palermo, Carlos H"]
[Result "1-0"]
[WhiteElo "2410"]
[BlackElo "2520"]
[PlyCount "55"]
[EventDate "1987.09.??"]
[Source "www.chesslib.no"]
[SourceDate "2004.05.04"]

1. Nf3 d5 2. c4 dxc4 3. Qa4+ Nc6 4. e3 e6 5. Bxc4 Bd6 6. d4 Nf6 7. Nc3 O-O 8. a3 e5 9. d5 Ne7 10. Ba2 Bd7 11. Qc2 b5 12. Ng5 h6 13. Nge4 Ng6 14. O-O Nh7 15. b4 f5 16. Nc5 e4 17. f4 exf3 18. gxf3 a5 19. Kh1 axb4 20. axb4 Kh8 21. Bb2 Ne5 22. Ne2 Qh4 23. Nf4 Be8 24. Nce6 Rg8 25. Qxf5 Qf6 26. Qe4 Ng5 27. Nxg5 hxg5 28. Bb1 1-0

[Event "Ch Uzbekistan"]
[Site "Tashkent (Uzbekistan)"]
[Date "2007.05.12"]
[Round "2"]
[White "Safin Shukhrat (UZB)"]
[Black "Egin Vladimir (UZB)"]
[Result "1/2-1/2"]
[WhiteElo "2490"]
[BlackElo "2437"]
[PlyCount "69"]
[EventDate "2007.??.??"]
[Source "www.chesslib.no"]
[SourceDate "2004.05.04"]

1. Nf3 d5 2. c4 dxc4 3. e3 Nf6 4. Bxc4 e6 5. O-O c5 6. Qe2 a6 7. Rd1 b5 8. Bb3 Bb7 9. a4 b4 10. d3 Be7 11. Nbd2 O-O 12. Nc4 a5 13. e4 Qc7 14. h3 Nc6 15. Be3 Rad8 16. Rac1 Ba6 17. Qe1 Qb8 18. g3 Qa7 19. Nce5 Bb7 20. Nxc6 Bxc6 21. Ne5 Ba8 22. f4 Nd7 23. Nxd7 Rxd7 24. Qf2 Rfd8 25. Bxc5 Bxc5 26. Qxc5 Qxc5+ 27. Rxc5 Bxe4 28. dxe4 Rxd1+ 29. Bxd1 Rxd1+ 30. Kf2 Kf8 31. Rxa5 Rd2+ 32. Ke3 Rxb2 33. Ra8+ Ke7 34. Ra7+ Kf6 35. Rb7 1/2-1/2

[Event "Schwarzach"]
[Site "?"]
[Date "1997.08.25"]
[Round "3.1"]
[White "Piven Igor"]
[Black "Balinov Ilija"]
[Result "1/2-1/2"]
[WhiteElo "2367"]
[BlackElo "2560"]
[PlyCount "43"]
[EventDate "1997.??.??"]
[Source "www.chesslib.no"]
[SourceDate "2004.05.04"]

1. Nf3 d5 2. c4 dxc4 3. e3 Nf6 4. Bxc4 a6 5. O-O e6 6. b3 c5 7. Bb2 Nc6 8. d4 cxd4 9. Nxd4 Bd7 10. Nc3 Bc5 11. Nxc6 Bxc6 12. Qe2 Qc7 13. e4 b5 14. Bd3 Bd6 15. h3 Be5 16. Rac1 O-O 17. Nxb5 Bh2+ 18. Kh1 axb5 19. Bxf6 gxf6 20. g3 Bxg3 21. Rg1 Kh8 22. fxg3 1/2-1/2

[Event "Calviá ol (Men)"]
[Site "Mallorca"]
[Date "2004.10.23"]
[Round "8.12"]
[White "Teplitsky, Yan"]
[Black "Borisek, Jure"]
[Result "1/2-1/2"]
[WhiteElo "2435"]
[BlackElo "2489"]
[PlyCount "97"]
[EventDate "2004.10.15"]
[Source "Roberto Alvarez"]
[SourceDate "2004.10.25"]

1. Nf3 d5 2. c4 dxc4 3. e3 Nf6 4. Bxc4 e6 5. O-O c5 6. b3 a6 7. Bb2 Be7 8. d4 cxd4 9. Nxd4 O-O 10. Nd2 Bc5 11. Qc2 Qe7 12. Rac1 b6 13. Ne4 Nbd7 14. Nc6 Qe8 15. b4 Be7 16. Bd3 h6 17. Nxe7+ Qxe7 18. Qc6 Rb8 19. Nxf6+ Nxf6 20. Be5 Bb7 21. Qc7 Qxc7 22. Bxc7 Ra8 23. Bxb6 Bd5 24. a3 Rfb8 25. Bc7 Rb7 26. f3 Bb3 27. e4 Ba4 28. Kf2 Ne8 29. Ba5 Rd7 30. Ke3 Nd6 31. Rc3 Nb5 32. Bxb5 axb5 33. Rfc1 Ra6 34. Bc7 f6 35. f4 Ra7 36. e5 Kf7 37. Bd6 Kg6 38. g4 Ra8 39. Rg1 fxe5 40. fxe5 Rf7 41. h4 h5 42. Ke4 hxg4 43. Rxg4+ Kh7 44. Rg1 Raa7 45. Rcg3 Ra8 46. Rc3 Raa7 47. Rcg3 Ra8 48. Rc1 Raa7 49. Rcg1 1/2-1/2